[Event "43. Olimpiada Batumi 2018 Femenina"]
[Site "Batumi GEO"]
[Date "2018.10.01"]
[Round "7.3"]
[White "Razan, Alshaeby"]
[Black "Hoang, Thi Bao Tram"]
[Result "1/2-1/2"]
[WhiteElo "1712"]
[BlackElo "2323"]
[PlyCount "100"]
[EventDate "2018.09.24"]
[EventType "team-swiss"]
[EventRounds "11"]
[EventCountry "GEO"]
[SourceTitle "Ajedrez en Madrid"]
[Source "lmi"]
[SourceDate "2018.09.24"]
[WhiteTeam "Jordan"]
[BlackTeam "Vietnam"]
[WhiteTeamCountry "JOR"]
[BlackTeamCountry "VIE"]

1. e4 c6 2. Nf3 d5 3. exd5 cxd5 4. Ne5 Nf6 5. d4 Be6 6. Bb5+ Nbd7 7. O-O a6 8.
Bd3 g6 9. c3 Bg7 10. f4 Qb6 11. Nd2 O-O 12. Ndf3 Ng4 13. Nxd7 Bxd7 14. f5 Bxf5
15. Bxf5 gxf5 16. Qe1 e6 17. Qh4 Nf6 18. Bh6 Bxh6 19. Qxh6 Ng4 20. Qg5+ Kh8 21.
h3 Rg8 22. Qh4 Ne3 23. Qf6+ Rg7 24. Ng5 Kg8 25. Rf3 Qxb2 26. Rxe3 Qxa1+ 27. Kh2
Qc1 28. Nxf7 Qxe3 29. Nh6+ Qxh6 30. Qxh6 Re8 31. Qf6 Rg6 32. Qe5 Rc8 33. h4 h5
34. Qd6 Kh8 35. Qe5+ Kh7 36. Qe2 Rxc3 37. Qxh5+ Kg7 38. Qe2 Kf7 39. Qb2 Rc7 40.
Qb6 Rd7 41. Qc5 Rg8 42. Qc1 Rg4 43. Qh6 Ke7 44. h5 Rd8 45. Qh7+ Kf6 46. Qc7
Rdg8 47. Qe5+ Ke7 48. Qc7+ Kf6 49. Qe5+ Ke7 50. Qc7+ Kf6 1/2-1/2

[Event "43. Olimpiada Batumi 2018 Femenina"]
[Site "Batumi GEO"]
[Date "2018.10.01"]
[Round "7.4"]
[White "Bach, Ngoc Thuy Duong"]
[Black "Alattar, Ghayda M"]
[Result "1/2-1/2"]
[WhiteElo "2161"]
[BlackElo "1926"]
[PlyCount "93"]
[EventDate "2018.09.24"]
[EventType "team-swiss"]
[EventRounds "11"]
[EventCountry "GEO"]
[SourceTitle "Ajedrez en Madrid"]
[Source "lmi"]
[SourceDate "2018.09.24"]
[WhiteTeam "Vietnam"]
[BlackTeam "Jordan"]
[WhiteTeamCountry "VIE"]
[BlackTeamCountry "JOR"]

1. d4 Nf6 2. c4 g6 3. Nc3 Bg7 4. e4 d6 5. Nf3 O-O 6. Be2 e5 7. O-O Nc6 8. d5
Ne7 9. b4 Nh5 10. g3 f5 11. Ng5 Nf6 12. f3 Kh8 13. c5 Ne8 14. Ne6 Bxe6 15. dxe6
c6 16. cxd6 Nxd6 17. Be3 Rf6 18. Qb3 Qg8 19. Rfd1 Rxe6 20. Bc5 Nec8 21. b5 Qe8
22. bxc6 bxc6 23. Ba6 Bf8 24. Rd3 Rf6 25. Qa3 fxe4 26. fxe4 Qf7 27. Rad1 Rb8
28. Bxc8 Nc4 29. Qxa7 Rxc8 30. Rd7 Bxc5+ 31. Qxc5 Qg8 32. Ne2 Rcf8 33. Rc1 Qe6
34. Rdd1 Nd6 35. Nc3 Nb7 36. Qe3 Qh3 37. Qe2 Rf2 38. Qxf2 Rxf2 39. Kxf2 Qxh2+
40. Kf3 Qb2 41. Ne2 Qa3+ 42. Rc3 Qf8+ 43. Kg2 Nc5 44. Rf3 Qg8 45. Nc3 Qc4 46.
Re3 Kg7 47. Rd6 1/2-1/2

[Event "43. Olimpiada Batumi 2018 Femenina"]
[Site "Batumi GEO"]
[Date "2018.10.01"]
[Round "7.1"]
[White "Mona, Khaled"]
[Black "Matras-Clement, Agnieszka"]
[Result "1-0"]
[WhiteElo "2157"]
[BlackElo "2225"]
[PlyCount "115"]
[EventDate "2018.09.24"]
[EventType "team-swiss"]
[EventRounds "11"]
[EventCountry "GEO"]
[SourceTitle "Ajedrez en Madrid"]
[Source "lmi"]
[SourceDate "2018.09.24"]
[WhiteTeam "Egypt"]
[BlackTeam "Canada"]
[WhiteTeamCountry "EGY"]
[BlackTeamCountry "CAN"]

1. d4 d5 2. e3 c5 3. c3 Nc6 4. dxc5 e6 5. b4 a5 6. Bb5 Nf6 7. Nf3 Bd7 8. Bxc6
Bxc6 9. O-O Be7 10. Bb2 O-O 11. a3 Ne4 12. Nbd2 f5 13. Nd4 Bd7 14. f3 Nf6 15.
N4b3 b6 16. cxb6 Qxb6 17. Re1 a4 18. Nd4 e5 19. Nc2 Qe6 20. Qe2 Rac8 21. Rad1
Bd8 22. Nf1 Bb6 23. Rd2 Qe8 24. Red1 Bb5 25. Qe1 Rc4 26. Kh1 Qh5 27. Ng3 Qg6
28. f4 exf4 29. exf4 Re8 30. Re2 Rcc8 31. Rxe8+ Rxe8 32. Qd2 Ng4 33. Nd4 Bc4
34. Re1 Bxd4 35. cxd4 Re6 36. h3 Nh6 37. Kh2 Qe8 38. Re5 Nf7 39. Nxf5 Nxe5 40.
dxe5 Qg6 41. Nd4 Re8 42. f5 Qh5 43. e6 Qh4 44. Nf3 Qe4 45. Qg5 d4 46. Bxd4 Qb7
47. Ne5 Qc7 48. Kh1 Bxe6 49. fxe6 Rxe6 50. b5 Qd6 51. Qe3 Rf6 52. Qc3 Rf1+ 53.
Kh2 Qf8 54. Be3 Rb1 55. Qc4+ Kh8 56. Nf7+ Kg8 57. Ng5+ Kh8 58. Qe4 1-0

[Event "43. Olimpiada Batumi 2018 Femenina"]
[Site "Batumi GEO"]
[Date "2018.10.01"]
[Round "7.2"]
[White "Zhou, Qiyu"]
[Black "Wafa, Shrook"]
[Result "1-0"]
[WhiteElo "2207"]
[BlackElo "2136"]
[PlyCount "84"]
[EventDate "2018.09.24"]
[EventType "team-swiss"]
[EventRounds "11"]
[EventCountry "GEO"]
[SourceTitle "Ajedrez en Madrid"]
[Source "lmi"]
[SourceDate "2018.09.24"]
[WhiteTeam "Canada"]
[BlackTeam "Egypt"]
[WhiteTeamCountry "CAN"]
[BlackTeamCountry "EGY"]

1. e4 c5 2. Nf3 d6 3. d4 cxd4 4. Nxd4 Nf6 5. Nc3 g6 6. Be3 Bg7 7. f3 Nc6 8. Qd2
O-O 9. g4 Ne5 10. Be2 Be6 11. Nxe6 fxe6 12. g5 Ne8 13. f4 Nc6 14. O-O-O Qa5 15.
Bc4 Nc7 16. h4 Qb4 17. Qd3 Na5 18. Bb3 Nxb3+ 19. axb3 Qa5 20. Kb1 Rac8 21. Bd2
Qc5 22. h5 Kf7 23. Be3 Qa5 24. Bd4 Bxd4 25. Qxd4 Ke8 26. hxg6 hxg6 27. Qg7 Kd7
28. e5 d5 29. Ne4 Rxf4 30. Nf6+ Kc6 31. Qxe7 b6 32. Rh7 Qc5 33. Qd7+ Kb7 34.
Qxe6 Rf2 35. Qxd5+ Qxd5 36. Rxd5 Rf1+ 37. Ka2 Kc6 38. Rd4 b5 39. Rd6+ Kc5 40.
Ne4+ Kb4 41. c3+ Ka5 42. b4+ Ka4 1-0

[Event "43. Olimpiada Batumi 2018 Femenina"]
[Site "Batumi GEO"]
[Date "2018.10.01"]
[Round "7.3"]
[White "Wafa, Shahenda"]
[Black "Ouellet, Maili-Jade"]
[Result "1/2-1/2"]
[WhiteElo "2129"]
[BlackElo "2144"]
[PlyCount "82"]
[EventDate "2018.09.24"]
[EventType "team-swiss"]
[EventRounds "11"]
[EventCountry "GEO"]
[SourceTitle "Ajedrez en Madrid"]
[Source "lmi"]
[SourceDate "2018.09.24"]
[WhiteTeam "Egypt"]
[BlackTeam "Canada"]
[WhiteTeamCountry "EGY"]
[BlackTeamCountry "CAN"]

1. e4 c5 2. Nf3 e6 3. d4 cxd4 4. Nxd4 a6 5. Nc3 Qc7 6. Be2 Nf6 7. O-O Nc6 8.
Be3 Bb4 9. Nxc6 dxc6 10. Bd3 e5 11. Na4 Ng4 12. Nb6 Rb8 13. Nxc8 Nxe3 14. fxe3
b5 15. a4 Rxc8 16. axb5 axb5 17. c4 Bc5 18. cxb5 Bxe3+ 19. Kh1 O-O 20. bxc6
Qxc6 21. b3 Kh8 22. Qh5 Bd4 23. Rae1 Qg6 24. Qxg6 fxg6 25. Bc4 Rf6 26. g3 h5
27. Kg2 Kh7 28. g4 hxg4 29. Kg3 Rcf8 30. Rxf6 gxf6 31. Kxg4 Kh6 32. Rf1 Be3 33.
Bd5 Bf4 34. Rf2 Kg7 35. b4 f5+ 36. Kf3 Rh8 37. b5 Bxh2 38. b6 Bg1 39. Rg2 Rh3+
40. Ke2 Bxb6 41. exf5 Rh6 1/2-1/2

[Event "43. Olimpiada Batumi 2018 Femenina"]
[Site "Batumi GEO"]
[Date "2018.10.01"]
[Round "7.4"]
[White "Agbabishvili, Lali"]
[Black "Sherif, Amina"]
[Result "1/2-1/2"]
[WhiteElo "2128"]
[BlackElo "1946"]
[PlyCount "102"]
[EventDate "2018.09.24"]
[EventType "team-swiss"]
[EventRounds "11"]
[EventCountry "GEO"]
[SourceTitle "Ajedrez en Madrid"]
[Source "lmi"]
[SourceDate "2018.09.24"]
[WhiteTeam "Canada"]
[BlackTeam "Egypt"]
[WhiteTeamCountry "CAN"]
[BlackTeamCountry "EGY"]

1. Nf3 Nf6 2. g3 d5 3. Bg2 c5 4. O-O e6 5. d3 Nc6 6. c4 Be7 7. b3 O-O 8. Na3 b6
9. Bb2 Bb7 10. cxd5 exd5 11. d4 Re8 12. dxc5 bxc5 13. e3 Qa5 14. Nc2 Rad8 15.
Qd2 Qc7 16. Qc3 Bf8 17. Rfd1 Ne4 18. Qe1 d4 19. Qf1 Qb6 20. Na3 dxe3 21. fxe3
Nb4 22. Nc4 Qe6 23. a3 Nd5 24. Nfe5 Nd6 25. Qf2 f6 26. Nxd6 Bxd6 27. Nc4 Bc7
28. e4 Nb6 29. Rxd8 Bxd8 30. Qxc5 Nxc4 31. Qxc4 Qxc4 32. bxc4 Bxe4 33. Bd4 Bxg2
34. Kxg2 Re4 35. Bxa7 Rxc4 36. a4 Ba5 37. Ra2 Kf7 38. Kf3 Ke6 39. Ra3 Kd5 40.
Rd3+ Kc6 41. Re3 Rxa4 42. Re7 g5 43. Rxh7 Kd5 44. Rg7 Bc3 45. Bf2 Be5 46. h4
gxh4 47. gxh4 Ra3+ 48. Kg2 Ke6 49. h5 Bf4 50. Bh4 Ra5 51. Rh7 Kf5 1/2-1/2

[Event "43. Olimpiada Batumi 2018 Femenina"]
[Site "Batumi GEO"]
[Date "2018.10.01"]
[Round "7.1"]
[White "Munguntuul, Batkhuyag"]
[Black "Sihite, Chelsie Monica Igne"]
[Result "1-0"]
[WhiteElo "2422"]
[BlackElo "2244"]
[PlyCount "61"]
[EventDate "2018.09.24"]
[EventType "team-swiss"]
[EventRounds "11"]
[EventCountry "GEO"]
[SourceTitle "Ajedrez en Madrid"]
[Source "lmi"]
[SourceDate "2018.09.24"]
[WhiteTeam "Mongolia"]
[BlackTeam "Indonesia"]
[WhiteTeamCountry "MGL"]
[BlackTeamCountry "INA"]

1. e4 e5 2. Nf3 Nc6 3. Bb5 a6 4. Ba4 Nf6 5. O-O Be7 6. Bxc6 dxc6 7. d3 Nd7 8.
Nbd2 Bf6 9. Nc4 b5 10. Na5 Nb8 11. h3 O-O 12. Be3 Re8 13. Qd2 c5 14. Bxc5 c6
15. Be3 h6 16. Rad1 Qc7 17. Qc3 Be6 18. d4 exd4 19. Bxd4 c5 20. Bxf6 gxf6 21.
Qxf6 Qxa5 22. Qxh6 Nd7 23. Ng5 Nf8 24. Rd3 Bc4 25. Rg3 Ng6 26. Qh7+ Kf8 27. Rf3
Re7 28. Qxg6 Bxf1 29. Rxf7+ Ke8 30. Qc6+ Kd8 31. Rf8+ 1-0

[Event "43. Olimpiada Batumi 2018 Femenina"]
[Site "Batumi GEO"]
[Date "2018.10.01"]
[Round "7.2"]
[White "Fisabilillah, Ummi"]
[Black "Nomin-Erdene, Davaademberel"]
[Result "1/2-1/2"]
[WhiteElo "2227"]
[BlackElo "2377"]
[PlyCount "126"]
[EventDate "2018.09.24"]
[EventType "team-swiss"]
[EventRounds "11"]
[EventCountry "GEO"]
[SourceTitle "Ajedrez en Madrid"]
[Source "lmi"]
[SourceDate "2018.09.24"]
[WhiteTeam "Indonesia"]
[BlackTeam "Mongolia"]
[WhiteTeamCountry "INA"]
[BlackTeamCountry "MGL"]

1. e4 e6 2. d3 d5 3. Nd2 Nc6 4. Ngf3 Nf6 5. Be2 b6 6. c3 a5 7. O-O Be7 8. Qc2
O-O 9. d4 Ba6 10. Bxa6 Rxa6 11. a4 Ra8 12. Re1 Rc8 13. exd5 exd5 14. Nf1 Re8
15. Ng3 h6 16. Bd2 Bf8 17. Rxe8 Nxe8 18. Re1 Ne7 19. h3 Nd6 20. Bf4 Nb7 21. Qd3
Ng6 22. Qf5 c5 23. Ne5 Nd6 24. Qg4 Nxf4 25. Qxf4 Qe8 26. dxc5 bxc5 27. Qd2 Qe6
28. Nd3 Qf6 29. Nh5 Qh4 30. Ng3 Nc4 31. Qe2 Rb8 32. Qf3 Qg5 33. Re2 Rd8 34. Nf5
Qf6 35. Qg4 Nb6 36. Ng3 c4 37. Ne5 Nxa4 38. Nh5 Qg5 39. Qf3 f6 40. Nc6 Rd6 41.
Ne7+ Kf7 42. Nf5 Rd7 43. Ne3 Nb6 44. Nf4 Bd6 45. Nexd5 Nxd5 46. Qxd5+ Qxd5 47.
Nxd5 Bh2+ 48. Kxh2 Rxd5 49. Kg3 f5 50. f3 Kf6 51. h4 Rd1 52. Re8 Rd2 53. Rb8 g6
54. Rb5 f4+ 55. Kxf4 Rxg2 56. Rxa5 Rxb2 57. Ra6+ Kg7 58. Rc6 Rh2 59. Kg3 Rc2
60. Rxc4 h5 61. Rc7+ Kf6 62. Rc6+ Kf5 63. c4 Rc1 1/2-1/2

[Event "43. Olimpiada Batumi 2018 Femenina"]
[Site "Batumi GEO"]
[Date "2018.10.01"]
[Round "7.3"]
[White "Munkhzul, Turmunkh"]
[Black "Anisa, Aay Aisyah"]
[Result "1-0"]
[WhiteElo "2149"]
[BlackElo "1968"]
[PlyCount "117"]
[EventDate "2018.09.24"]
[EventType "team-swiss"]
[EventRounds "11"]
[EventCountry "GEO"]
[SourceTitle "Ajedrez en Madrid"]
[Source "lmi"]
[SourceDate "2018.09.24"]
[WhiteTeam "Mongolia"]
[BlackTeam "Indonesia"]
[WhiteTeamCountry "MGL"]
[BlackTeamCountry "INA"]

1. e4 c5 2. Nf3 d6 3. d4 cxd4 4. Nxd4 Nf6 5. Nc3 a6 6. Be3 e5 7. Nb3 Be6 8. f3
Nbd7 9. Qd2 Be7 10. g4 b5 11. O-O-O O-O 12. g5 Nh5 13. Ne2 a5 14. Kb1 a4 15.
Nbc1 Qa5 16. Qxa5 Rxa5 17. Nc3 Rb8 18. Nd5 Bxd5 19. Rxd5 Nf4 20. Bxf4 exf4 21.
h4 Nc5 22. Nd3 b4 23. Nxf4 Raa8 24. Bc4 Nd7 25. g6 Ne5 26. gxf7+ Kh8 27. h5
Nxf7 28. Rf5 Nh6 29. Rb5 Rxb5 30. Bxb5 Ra5 31. Bd7 Ng8 32. Bf5 Nh6 33. Be6 Ra7
34. Nd5 Bf6 35. Nxb4 Rb7 36. a3 Nf7 37. Bd5 Rc7 38. Rd1 Nd8 39. f4 h6 40. Ba2
Nb7 41. Nd5 Rf7 42. Nb6 Re7 43. Nxa4 Rxe4 44. Bd5 Rxa4 45. Bxb7 Ra7 46. Bc6 Be7
47. a4 Rc7 48. Bd5 Kh7 49. b4 g5 50. f5 Kg7 51. c4 Kf6 52. b5 Ra7 53. Re1 Kxf5
54. a5 Bd8 55. b6 Rxa5 56. b7 Bc7 57. Re7 Bb8 58. Re8 Ba7 59. Ra8 1-0

[Event "43. Olimpiada Batumi 2018 Femenina"]
[Site "Batumi GEO"]
[Date "2018.10.01"]
[Round "7.4"]
[White "Edithso, Samantha"]
[Black "Yanjindulam, Dulamsuren"]
[Result "0-1"]
[WhiteElo "1805"]
[BlackElo "2123"]
[PlyCount "136"]
[EventDate "2018.09.24"]
[EventType "team-swiss"]
[EventRounds "11"]
[EventCountry "GEO"]
[SourceTitle "Ajedrez en Madrid"]
[Source "lmi"]
[SourceDate "2018.09.24"]
[WhiteTeam "Indonesia"]
[BlackTeam "Mongolia"]
[WhiteTeamCountry "INA"]
[BlackTeamCountry "MGL"]

1. e4 d6 2. d4 Nf6 3. Nc3 c6 4. Be2 Qa5 5. Bd2 Qc7 6. Nf3 e5 7. O-O Be7 8. h3
O-O 9. Bg5 h6 10. Bh4 Re8 11. Bxf6 Bxf6 12. d5 Nd7 13. Qd2 Nf8 14. Rad1 c5 15.
Bb5 Rd8 16. a4 Ng6 17. Ne2 a6 18. Bc4 b6 19. c3 Bd7 20. Qd3 Qb7 21. Bb3 b5 22.
axb5 axb5 23. Qd2 Rf8 24. Ra1 Bd8 25. Bc2 Bb6 26. b3 Rfc8 27. c4 b4 28. Nh2 Bd8
29. Nf3 Ra7 30. Bd3 Rca8 31. Qb2 Bf6 32. Rfe1 Ne7 33. Ng3 g6 34. Reb1 Bg7 35.
Qc1 Ra3 36. Nd2 h5 37. Rxa3 bxa3 38. Ra1 Bh6 39. Ngf1 Qb4 40. Qc2 f5 41. Ra2
Ra6 42. f3 Kg7 43. Nb1 fxe4 44. fxe4 Ra8 45. Nc3 Rb8 46. Nb1 Ra8 47. Nc3 Ng8
48. Be2 Nf6 49. Bf3 g5 50. Ng3 g4 51. Bd1 Be3+ 52. Kh1 Kf7 53. h4 Bd4 54. Nge2
g3 55. Qd2 Rg8 56. Nxd4 exd4 57. Nb1 Nxe4 58. Qf4+ Kg7 59. Nd2 Re8 60. Bxh5 Re7
61. Nf1 d3 62. Rd2 Qc3 63. Bf3 Nxd2 64. Qg5+ Kf8 65. Qh6+ Kg8 66. Qg5+ Qg7 67.
Qxd2 a2 68. Qxa2 Re1 0-1

[Event "43. Olimpiada Batumi 2018 Femenina"]
[Site "Batumi GEO"]
[Date "2018.10.01"]
[Round "7.2"]
[White "Goryachkina, Aleksandra"]
[Black "Tsolakidou, Stavroula"]
[Result "1-0"]
[WhiteElo "2535"]
[BlackElo "2393"]
[PlyCount "81"]
[EventDate "2018.09.24"]
[EventType "team-swiss"]
[EventRounds "11"]
[EventCountry "GEO"]
[SourceTitle "Ajedrez en Madrid"]
[Source "lmi"]
[SourceDate "2018.09.24"]
[WhiteTeam "Russia"]
[BlackTeam "Greece"]
[WhiteTeamCountry "RUS"]
[BlackTeamCountry "GRE"]

1. d4 Nf6 2. c4 e6 3. Nc3 Bb4 4. Qc2 d6 5. a3 Bxc3+ 6. Qxc3 Nbd7 7. f3 e5 8. e4
exd4 9. Qxd4 Nc5 10. Qc3 O-O 11. Be3 Nh5 12. O-O-O Ne6 13. g4 Nhf4 14. Ne2
Nxe2+ 15. Bxe2 Qe8 16. h4 b6 17. h5 f6 18. Bd3 Bd7 19. f4 Qe7 20. Rdg1 Bc6 21.
Bb1 Kf7 22. h6 g6 23. f5 Nc5 24. fxg6+ hxg6 25. Bxc5 bxc5 26. g5 Qe5 27. gxf6
Rae8 28. Qd2 Re6 29. h7 Rh8 30. Rxg6 Rxf6 31. Rxf6+ Qxf6 32. Bd3 Ke7 33. e5 Qg7
34. exd6+ cxd6 35. Re1+ Kd7 36. Qa5 Qg5+ 37. Kb1 Ra8 38. Qc3 Qh6 39. Bf5+ Kc7
40. Qa5+ Kb8 41. Re7 1-0

[Event "43. Olimpiada Batumi 2018 Femenina"]
[Site "Batumi GEO"]
[Date "2018.10.01"]
[Round "7.3"]
[White "Avramidou, Anastasia"]
[Black "Gunina, Valentina"]
[Result "1-0"]
[WhiteElo "2260"]
[BlackElo "2528"]
[PlyCount "39"]
[EventDate "2018.09.24"]
[EventType "team-swiss"]
[EventRounds "11"]
[EventCountry "GEO"]
[SourceTitle "Ajedrez en Madrid"]
[Source "lmi"]
[SourceDate "2018.09.24"]
[WhiteTeam "Greece"]
[BlackTeam "Russia"]
[WhiteTeamCountry "GRE"]
[BlackTeamCountry "RUS"]

1. d4 d5 2. c4 e6 3. Nc3 a6 4. cxd5 exd5 5. Nf3 Nf6 6. Bg5 Be6 7. e3 h6 8. Bxf6
Qxf6 9. Qb3 Ra7 10. Be2 Bd6 11. e4 dxe4 12. Nxe4 Qd8 13. d5 Bxd5 14. Nxd6+ Qxd6
15. Qe3+ Kd7 16. Qxa7 Nc6 17. Qe3 Re8 18. Qd2 Bxf3 19. gxf3 Nd4 20. Qxd4 1-0

[Event "43. Olimpiada Batumi 2018 Femenina"]
[Site "Batumi GEO"]
[Date "2018.10.01"]
[Round "7.4"]
[White "Girya, Olga"]
[Black "Pavlidou, Ekaterini"]
[Result "1-0"]
[WhiteElo "2462"]
[BlackElo "2194"]
[PlyCount "69"]
[EventDate "2018.09.24"]
[EventType "team-swiss"]
[EventRounds "11"]
[EventCountry "GEO"]
[SourceTitle "Ajedrez en Madrid"]
[Source "lmi"]
[SourceDate "2018.09.24"]
[WhiteTeam "Russia"]
[BlackTeam "Greece"]
[WhiteTeamCountry "RUS"]
[BlackTeamCountry "GRE"]

1. d4 Nf6 2. c4 e6 3. Nf3 b6 4. g3 Ba6 5. b3 Bb4+ 6. Bd2 Be7 7. Nc3 d5 8. cxd5
exd5 9. Bg2 O-O 10. O-O c6 11. Bc1 Re8 12. Bb2 Bb7 13. Ne5 Na6 14. Rc1 Qd6 15.
e4 Nc7 16. Re1 Nd7 17. exd5 cxd5 18. Qc2 Nxe5 19. dxe5 Qd7 20. Rcd1 Red8 21. a3
Rac8 22. Qe2 Qe6 23. f4 a5 24. Qf3 b5 25. f5 Bc5+ 26. Kh1 Qe8 27. Ne2 Qf8 28.
Nd4 Re8 29. Qg4 Rcd8 30. Rc1 b4 31. a4 Na6 32. f6 Bxd4 33. Bxd4 Bc8 34. Qf4 Be6
35. Bf1 1-0

[Event "43. Olimpiada Batumi 2018 Femenina"]
[Site "Batumi GEO"]
[Date "2018.10.01"]
[Round "7.1"]
[White "Ordaz Valdes, Lisandra Teresa"]
[Black "Dolzhikova, Olga"]
[Result "1/2-1/2"]
[WhiteElo "2415"]
[BlackElo "2184"]
[PlyCount "125"]
[EventDate "2018.09.24"]
[EventType "team-swiss"]
[EventRounds "11"]
[EventCountry "GEO"]
[SourceTitle "Ajedrez en Madrid"]
[Source "lmi"]
[SourceDate "2018.09.24"]
[WhiteTeam "Cuba"]
[BlackTeam "Norway"]
[WhiteTeamCountry "CUB"]
[BlackTeamCountry "NOR"]

1. d4 e6 2. c4 b6 3. a3 Bb7 4. Nc3 f5 5. d5 Be7 6. g3 Bf6 7. Bd2 Ne7 8. Bg2 O-O
9. Nh3 Nc8 10. Rc1 Nd6 11. b3 Na6 12. O-O Nc5 13. Qc2 Qe8 14. Rcd1 Qf7 15. Be3
Bxc3 16. Bxc5 bxc5 17. Qxc3 Ne4 18. dxe6 Qxe6 19. Qa5 Qb6 20. Qxb6 axb6 21.
Rxd7 Rxa3 22. Rxc7 Rf7 23. Rxf7 Kxf7 24. Bxe4 Bxe4 25. Ng5+ Kf6 26. Nxe4+ fxe4
27. Rb1 Ke5 28. e3 Ra2 29. g4 Kf6 30. Kg2 Ke5 31. h4 Rc2 32. Kg3 Rc3 33. b4
Rxc4 34. bxc5 bxc5 35. Rb7 Kf6 36. g5+ Kg6 37. Kg4 h5+ 38. gxh6 Kxh6 39. Rb6+
Kh7 40. Re6 Rc2 41. Kg3 Rc4 42. h5 Ra4 43. Re5 Rc4 44. Rf5 Rc2 45. Rf4 Kh6 46.
Kg4 Rb2 47. Kg3 Kxh5 48. Rf5+ g5 49. Rxc5 Rb1 50. Rc4 Rg1+ 51. Kh2 Rg4 52. Rc6
Rh4+ 53. Kg2 Kg4 54. Rf6 Rh8 55. Re6 Kf5 56. Re7 Rh4 57. Rf7+ Ke5 58. Kg3 Ke6
59. Ra7 Kf5 60. Ra5+ Kf6 61. Rb5 Kg6 62. Rb8 Kf5 63. Rb5+ 1/2-1/2

[Event "43. Olimpiada Batumi 2018 Femenina"]
[Site "Batumi GEO"]
[Date "2018.10.01"]
[Round "7.2"]
[White "Hagesather, Ellen"]
[Black "Marrero Lopez, Yaniet"]
[Result "1/2-1/2"]
[WhiteElo "2181"]
[BlackElo "2281"]
[PlyCount "132"]
[EventDate "2018.09.24"]
[EventType "team-swiss"]
[EventRounds "11"]
[EventCountry "GEO"]
[SourceTitle "Ajedrez en Madrid"]
[Source "lmi"]
[SourceDate "2018.09.24"]
[WhiteTeam "Norway"]
[BlackTeam "Cuba"]
[WhiteTeamCountry "NOR"]
[BlackTeamCountry "CUB"]

1. c4 Nf6 2. g3 e6 3. Bg2 d5 4. Nf3 Be7 5. O-O O-O 6. d4 dxc4 7. Qc2 b6 8. Qxc4
Bb7 9. Bf4 Nd5 10. Nc3 Nxf4 11. gxf4 Bd6 12. Ne5 Bxg2 13. Kxg2 Qh4 14. e3 c5
15. Ne4 Bxe5 16. dxe5 Qg4+ 17. Ng3 Nc6 18. Qe4 Ne7 19. Rfd1 Rad8 20. Qf3 Qg6
21. Rxd8 Rxd8 22. Rd1 Nd5 23. Kh1 f5 24. exf6 Qxf6 25. Ne4 Qe7 26. Qh3 Nc7 27.
Rg1 Qf7 28. Qh4 Rf8 29. Qg5 Ne8 30. f3 Kh8 31. Qe5 Qf5 32. Qc3 h6 33. Kg2 Nf6
34. Nd6 Qg6+ 35. Kh1 Qh5 36. e4 Rg8 37. f5 e5 38. Rg3 Nd7 39. Qc4 Nf6 40. Qe6
Qh4 41. Qxe5 Nh5 42. Rg1 Qf2 43. Qc3 Nf4 44. Qb3 Ne2 45. Rb1 Nd4 46. Qd3 Nxf3
47. Nf7+ Kh7 48. Qd6 g6 49. Qf4 Rg7 50. Ne5 Qc2 51. Rc1 Qd2 52. Qxd2 Nxd2 53.
fxg6+ Kg8 54. Rd1 Re7 55. Nc6 Re6 56. Rxd2 Rxc6 57. Kg2 Rxg6+ 58. Kf3 Rf6+ 59.
Ke3 Kg7 60. e5 Rf1 61. Rd7+ Kg6 62. Rxa7 Rb1 63. b3 Kf5 64. Rh7 Kxe5 65. Rxh6
Rb2 66. Rxb6 Rxa2 1/2-1/2

[Event "43. Olimpiada Batumi 2018 Femenina"]
[Site "Batumi GEO"]
[Date "2018.10.01"]
[Round "7.3"]
[White "Arribas Robaina, Maritza"]
[Black "Machlik, Monika"]
[Result "1/2-1/2"]
[WhiteElo "2243"]
[BlackElo "2059"]
[PlyCount "108"]
[EventDate "2018.09.24"]
[EventType "team-swiss"]
[EventRounds "11"]
[EventCountry "GEO"]
[SourceTitle "Ajedrez en Madrid"]
[Source "lmi"]
[SourceDate "2018.09.24"]
[WhiteTeam "Cuba"]
[BlackTeam "Norway"]
[WhiteTeamCountry "CUB"]
[BlackTeamCountry "NOR"]

1. e4 c6 2. d4 d5 3. e5 Bf5 4. Nf3 e6 5. Be2 Ne7 6. O-O Nc8 7. Be3 Be7 8. Nbd2
O-O 9. Re1 Nd7 10. Nf1 c5 11. Ng3 Bg6 12. c3 a6 13. a3 Na7 14. c4 dxc4 15. d5
exd5 16. Qxd5 Qc7 17. e6 Nf6 18. Qxc4 b5 19. exf7+ Bxf7 20. Qc1 Nd5 21. Bg5
Rae8 22. Bd3 Bxg5 23. Nxg5 Rxe1+ 24. Qxe1 h6 25. Ne6 Bxe6 26. Qxe6+ Qf7 27. Bf5
Ne7 28. Bg4 Qxe6 29. Bxe6+ Kh7 30. Ne4 c4 31. Nc5 Rd8 32. f4 Rd2 33. Rb1 Nac6
34. Nxa6 Nd4 35. Bg4 Nd5 36. Rd1 Rxd1+ 37. Bxd1 Nxf4 38. Nb4 Kg6 39. Kf2 Kf5
40. g3 Nfe6 41. Ke3 Ke5 42. a4 bxa4 43. Bxa4 Nc5 44. Be8 Nf5+ 45. Ke2 Nd4+ 46.
Ke3 Nf5+ 47. Ke2 Nd4+ 48. Ke3 Nf5+ 49. Ke2 Nd4+ 50. Ke3 Nf5+ 51. Ke2 Nd4+ 52.
Ke3 Nf5+ 53. Ke2 Nd4+ 54. Ke3 Nf5+ 1/2-1/2

[Event "43. Olimpiada Batumi 2018 Femenina"]
[Site "Batumi GEO"]
[Date "2018.10.01"]
[Round "7.4"]
[White "Kyrkjebo, Hanna B"]
[Black "Llaudy Pupo, Lisandra"]
[Result "0-1"]
[WhiteElo "1947"]
[BlackElo "2294"]
[PlyCount "130"]
[EventDate "2018.09.24"]
[EventType "team-swiss"]
[EventRounds "11"]
[EventCountry "GEO"]
[SourceTitle "Ajedrez en Madrid"]
[Source "lmi"]
[SourceDate "2018.09.24"]
[WhiteTeam "Norway"]
[BlackTeam "Cuba"]
[WhiteTeamCountry "NOR"]
[BlackTeamCountry "CUB"]

1. e4 c5 2. Nf3 a6 3. c3 d6 4. d4 Nd7 5. Be3 Qc7 6. Bd3 Ngf6 7. O-O e6 8. h3
Be7 9. Re1 O-O 10. Nbd2 b5 11. Bg5 e5 12. d5 c4 13. Bc2 h6 14. Be3 Rb8 15. Nf1
Nc5 16. Ng3 a5 17. Nh2 Nh7 18. f4 exf4 19. Bxf4 Bg5 20. Bxg5 Nxg5 21. Nf5 Bxf5
22. exf5 Nd7 23. Ng4 Qc5+ 24. Kh1 Nh7 25. Qf3 Ndf6 26. Rad1 Rbe8 27. Nxf6+ Nxf6
28. Be4 Re5 29. Re2 Rfe8 30. Rde1 R8e7 31. Kh2 Qc8 32. Bc2 Qe8 33. Rxe5 Rxe5
34. Rxe5 Qxe5+ 35. Kh1 Qe1+ 36. Kh2 Qc1 37. Bd1 Qxb2 38. a4 b4 39. cxb4 Qxb4
40. Qe2 c3 41. Qd3 Qf4+ 42. Kg1 Qd2 43. Qxd2 cxd2 44. Kf2 Nxd5 45. Ke2 Nc3+ 46.
Kxd2 Nxd1 47. Kxd1 g6 48. fxg6 fxg6 49. Kd2 Kf7 50. Ke3 Ke6 51. Ke4 d5+ 52. Kd4
Kd6 53. Kd3 Kc5 54. Kc3 d4+ 55. Kd3 Kd5 56. g3 Kc5 57. g4 g5 58. Kd2 Kc4 59.
Kc2 d3+ 60. Kd2 Kd4 61. Kd1 Kc3 62. Kc1 d2+ 63. Kd1 Kd3 64. h4 gxh4 65. g5 h3
0-1

[Event "43. Olimpiada Batumi 2018 Femenina"]
[Site "Batumi GEO"]
[Date "2018.10.01"]
[Round "7.1"]
[White "Rogule, Laura"]
[Black "Mezioud, Amina"]
[Result "0-1"]
[WhiteElo "2268"]
[BlackElo "2056"]
[PlyCount "84"]
[EventDate "2018.09.24"]
[EventType "team-swiss"]
[EventRounds "11"]
[EventCountry "GEO"]
[SourceTitle "Ajedrez en Madrid"]
[Source "lmi"]
[SourceDate "2018.09.24"]
[WhiteTeam "Latvia"]
[BlackTeam "Algeria"]
[WhiteTeamCountry "LAT"]
[BlackTeamCountry "ALG"]

1. d4 Nf6 2. c4 e6 3. Nf3 c5 4. d5 exd5 5. cxd5 d6 6. Nc3 g6 7. g3 Bg7 8. Bg2
O-O 9. O-O a6 10. a4 Re8 11. Nd2 Nbd7 12. h3 Rb8 13. a5 b5 14. axb6 Nxb6 15. e4
Qc7 16. f4 Nfd7 17. Kh2 c4 18. Qc2 Nc5 19. g4 Nd3 20. Nf3 Nd7 21. Nd2 N7c5 22.
Nxc4 Nxc1 23. Raxc1 Nb3 24. Qd3 Nxc1 25. Rxc1 Bd7 26. e5 Bb5 27. Ne4 dxe5 28.
f5 gxf5 29. gxf5 Kh8 30. f6 Bh6 31. Rc3 Qa7 32. Qf3 Bf4+ 33. Kh1 Bxc4 34. Rxc4
Rxb2 35. h4 Qb6 36. d6 Rb1+ 37. Bf1 Qb2 38. Nf2 Rxf1+ 39. Kg2 Rxf2+ 40. Qxf2
Rg8+ 41. Kf1 Qb1+ 42. Ke2 Qa2+ 0-1